000 00904nam a2200253 a 4500
001 000010270
005 20240412074216.0
008 091006t1994 dr a r 001 p spa d
040 _aDO-SdBNP
082 _aRD861.44
_bJ41b
100 1 _aJavier, Adrián,
_d1967-
_98447
245 1 0 _aBolero del esquizo /
_cAdrián Javier; prólogo Tony Raful ; ilustraciones Maritza Álvarez ; edición Larissa Fernández.
260 _aSanto Domingo :
_bDirección General de Bellas Artes,
_c1994.
300 _a228 p. :
_bil. ;
_c23 cm.
490 1 _aJóvenes valores
590 _aInventariado, 2018/BT
650 0 _aPoesía dominicana
_966
650 0 _aLiteratura dominicana.
_967
700 1 _aRaful, Tony,
_d1951-
_epról.
_91377
700 1 _aFernández, Larissa,
_eed.
_925286
700 1 _aÁlvarez, Maritza,
_eil.
_925287
830 0 _aJóvenes valores
_925288
910 _aValidado. Control de calidad. EMS
999 _c10029
_d10029